LEADER 00802naa a2200217 u 4500 001 000000093397 003 CaOOAMICUS 005 20070226130133.0 008 010703m19371938fr u000 u fre u 035 $a10895338 040 $aPUL(R)$bita 100 1 $aTrias De Bes, J.-M.,$d1890-$0(OLS)http://pul/name/60031 245 10$aRègles générales des conflits de lois /$cpar J.M. Trias De Bes. 260 $a[S. l. :$bs. n.],$c1937-1938. 300 $aP. [1-93] 504 $aBibliografia in nota. 650 4$aDiritto internazionale.$0(OLS)http://pul/subject/2505 773 0 $tRecueil des cours$gv.IV (1937) 773 0 $tRecueil des cours 1937$w()59614 996 $6245$aRègles générales des conflits de lois$9(OLS)http://pul/title/120244 996 $6260$a[S. l. :$bs. n.]$9(OLS)http://pul/publisher/47882 LEADER 01043naa a2200229 u 4500 001 000000095372 003 CaOOAMICUS 005 20070226130142.0 008 040628s1976 be u000 u eng u 020 $a9061860431 035 $a11002273 040 $aIAR$bita 100 1 $aMoore, R. I.$q(Robert Ian),$d1941-$0(OLS)http://pul/name/61147 245 10$aHeresy as disease /$cR.I. Moore. 260 $aLeuven :$bLeuven University Press ;$aThe Hague :$bNijhoff,$c1976. 300 $aS. 1-11, ;$c26 cm 773 0 $aThe concept of heresy in the middle ages (11th - 13th c.). 773 0 $tThe Concept of heresy in the Middle Ages (11th-13th c.) : proceedings of the international conference [held by the Institute of Medieval Studies] Louvain, May 13-16, 1973$w()56465 996 $6020$a9061860431$9(OLS)http://pul/number/71203 996 $6245$aHeresy as disease$9(OLS)http://pul/title/122246 996 $6260$aLeuven :$bLeuven University Press$9(OLS)http://pul/publisher/48301 996 $6260$aThe Hague :$bNijhoff$9(OLS)http://pul/publisher/51810